| 000 | 00552nam a22001817a 4500 | ||
|---|---|---|---|
| 005 | 20250404165648.0 | ||
| 008 | 250404b |||||||| |||| 00| 0 eng d | ||
| 020 | _a9798886130812 | ||
| 041 | _aeng | ||
| 082 | _a658.472 GUP | ||
| 100 | _aGupta, Brij B. | ||
| 245 | _aBig Data Management and Analytics | ||
| 260 |
_aNew Jersey _bWorld Scientific Pub. _c2024 |
||
| 300 | _a257;. pages: 23 cm | ||
| 650 | _aBusiness intelligence; Information Technology; Electronic Data Processing; Data Mining; Strategic Planning | ||
| 700 | _aMamta | ||
| 942 | _cBK | ||
| 999 |
_c43575 _d43575 |
||